| 000 | 02370njm0a2200529 4500 | ||
|---|---|---|---|
| 001 | RU\NLR\ONIZ\309795 | ||
| 005 | 20260614173446.0 | ||
| 035 | _a(NLR Aleph) 022830265 | ||
| 071 | 0 | 0 | _a2-20195 |
| 071 | 0 | 0 | _a2-20196 |
| 071 | 0 | 0 | _a2-20195:R |
| 071 | 0 | 0 | _a2-20196:R |
| 071 | 1 | 0 | _a1160ak |
| 071 | 1 | 0 | _a1161ak |
| 090 |
_a13729658 _c13729658 |
||
| 100 | _a20180917d1912 |||y0rusy50 ca | ||
| 102 | _aRU | ||
| 126 |
_aadaxdxu ux _bxxx |
||
| 127 | _a000700 | ||
| 145 | 0 | _ab | |
| 200 | 1 |
_a[Играет] Оркестр "Граммофон" _bЗвукозапись |
|
| 203 |
_aмузыка _bисполнительская _cаудио |
||
| 210 |
_cAmour Gramophone record _aS. l. _cПишущий амур _d[1912] _gО-во Граммофонъ съ огр. отв. _eРига |
||
| 215 |
_a1 грп. (ок. 7 мин) : 78 об/мин, моно _d25 см, в конв. |
||
| 300 | _a№ заказа P 168 | ||
| 300 | _aЗапись 12.07.1912 г., Берлин | ||
| 300 | _aИнж. звукозап. Дж. Диллнатт | ||
| 300 | _aДата записи установл. по кат. А. Келли | ||
| 327 | 1 |
_a1. Новое попурри русских песен. часть 1 ; _a2. Новое попурри русских песен. часть 2 |
|
| 464 | 0 | _12001#$aНовое попурри русских песен$hчасть 1 | |
| 464 | 0 | _12001#$aНовое попурри русских песен$hчасть 2 | |
| 606 | 1 |
_aПопурри из русских песен для оркестра _z20 в. _jЗвукозапись _2nlr_sh _7ca |
|
| 606 | 1 |
_aОркестры эстрадные зарубежные _yГермания _z20 в. _jЗвукозапись _2nlr_sh _7ca |
|
| 686 | 0 | _aЩ951.81-052я44 | |
| 702 | 1 |
_6z02790 _aДиллнатт _bД. У. _cинженер записи _f1883-1937 _gДжордж Уолтер _4670 _7ca |
|
| 702 | 1 |
_6z03790 _aКелли _bА. _f1928-2015 _gАлан _4365 _7ca |
|
| 710 | 0 | 2 |
_aОркестр "Граммофон" _4590 _7ba |
| 790 | 1 |
_6z02702 _aDillnutt _bG. W. _f1883-1937 _gGeorge Walter _4670 _7ba |
|
| 790 | 1 |
_6z03702 _aKelly _bA. _f1928-2015 _gAlan _4365 _7ca |
|
| 801 | 0 |
_aRU _bNLR _c20180917 _gPSBO |
|
| 801 | 1 |
_aRU _bNLR _c20180917 _2rusmarc |
|
| 801 | 2 |
_aRU _bNLR _c20260605 |
|
| 852 |
_aNLR _jМг 2к/9116 _m45451 _t1 |
||
| 942 | _cREC | ||
| 980 | _aONIZ | ||
| 980 | _aNB | ||